01289nam a2200277 4500001000400000003000400004005001700008008004100025020001500066040000800081041000800089082001900097100003700116245004900153250001300202260002900215300001100244520062700255650002600882650002500908650001300933650002100946650001600967655001200983655001600995282OSt20250528074017.0250317b |||||||e |||| 00| 1 eng d a8525005908 bpor hpor aB869.93bV517i1 aVeríssimo, Érico,d1905-1975 aIncidente em Antares / cVerissimo, Erico ;  a37° ed. aSão PaulobGloboc1994 a485 p. aTudo começou na pré-história, mais exatamente no Pleistoceno. Nessa época, gliptodontes e megatérios habitavam as terras do município de Antares, que, um milhão de anos depois, serve de cenário para o dramáticao "incidente" de sexta-feira, 13 de dezembro de 1963. Irônico, destemido, franco, Incidente em Antares é, antes de tudo, um desabafo. Nele Érico Veríssiomo lança um olhar objetivo sobre os problemas políticos, econômicos e sociais, exprimindo sua absoluta descrença nos "heróis" oficiais, aqui despojados do inútil brilho das comendas e reduzidos ao seu verdadeiro tamanho. 0aLiteratura Brasileira 0aHistória do Brasil 0aPolitica 0aCrítica social 0aClássicos 0aRomance 0aFicção